| 000 | 00983pam a2200277 a 4500 | ||
|---|---|---|---|
| 999 |
_c10941 _d10941 |
||
| 001 | 3087853 | ||
| 003 | OSt | ||
| 005 | 20191223122816.0 | ||
| 008 | 980408s1999 njua b 001 0 eng | ||
| 010 | _a 98019387 | ||
| 020 | _a9788120320604 | ||
| 040 |
_aDLC _cDLC _dDLC |
||
| 050 | 0 | 0 |
_aHD30.22 _b.P45 1999 |
| 082 | 0 | 0 |
_a338.5024658 _221 |
| 100 | 1 |
_aPetersen, Harold Craig _9679 |
|
| 245 | 1 | 0 |
_aManagerial economics / _cH. Craig Petersen, W. Cris Lewis. |
| 250 | _a4th ed. | ||
| 260 |
_aUpper Saddle River, N.J. : _bPrentice Hall, _cc1999. |
||
| 300 |
_axvi, 672 p. : _bill. ; _c25 cm. |
||
| 504 | _aIncludes bibliographical references and index. | ||
| 650 | 0 | _aManagerial economics. | |
| 700 | 1 |
_aLewis, W. Cris _9680 |
|
| 906 |
_a7 _bcbc _corignew _d1 _eocip _f19 _gy-gencatlg |
||
| 942 |
_2ddc _cBK _h338.5024658 _iPET/M _k338.5024658 _mPET/M |
||